00721nam a2200181 a 450000100100000000500170001000800410002704000250006810000420009324500550013526000330019030000290022349000380025283000450029004900090033595201780034499900170052200003470320200930073841.0111019s1931 es 000 0 spa d aDO-SdBNPbspacBNPHU1 aPereyra, Carlosd[1871 -1942 ]96015713aEl mito de Monroe :bb1763-1860 /cCarlos Pereyra. aMadrid :bM. Aguilar,c1931. a581 p. :bmap. ;c20 cm.1 aObras completas de Carlos Pereyra 0aObras completas de Carlos Pereyra960158 aBNPD 001050718MOaGRbGRcCTd2011-10-19iLF1l0o p34703-10r2020-06-25w2020-06-25y1zPerteneció a la biblioteca personal de Juan Isidro Jimenes Grullón.ZNo se presta c34194d34194